000
00299 a2200145 4500
001
48101
040
_c
Anchieta - Aquarius
100
_a
Newell, Keith
240
1
0
_a
Cars
_l
por
245
1
0
_a
Cars
300
_a
10
362
0
_a
2007
650
4
_a
Literatura infanto-juvenil em inglês
942
_c
BK
999
_c
48101
_d
48101